Normal view
MARC view
- الخفاجي،نعمة عباس/طاهر محسن الغالبي
Entry Personal Name
001 - CONTROL NUMBER
- control field: 29720
003 - CONTROL NUMBER IDENTIFIER
- control field: JO-AjAnu
005 - DATE AND TIME OF LATEST TRANSACTION
- control field: 20230606075024.0
008 - FIXED-LENGTH DATA ELEMENTS
- fixed length control field: 230606|| aca||aabn | a|a d
040 ## - CATALOGING SOURCE
- Original cataloging agency: JO-AjAnu
- Transcribing agency: JO-AjAnu
100 ## - HEADING--PERSONAL NAME
- Personal name: الخفاجي،نعمة عباس/طاهر محسن الغالبي
670 ## - SOURCE DATA FOUND
- Source citation: Work cat.: (JO-AjAnu)15260: الخفاجي،نعمة عباس/طاهر محسن الغالبي, author, نظرية المنظمة:مدخل التصميم=Organization Theory, Design Approach